[Event "Bremen Silvester op"]
[Site "Bremen"]
[Date "2021.12.28"]
[Round "3"]
[White "Audenaert, Bart"]
[Black "Kraeft, Tom"]
[Result "1-0"]
[WhiteElo "1975"]
[BlackElo "1622"]
[PlyCount "47"]
[EventDate "2021.12.21"]
[EventType "swiss"]
[EventRounds "7"]
[EventCountry "GER"]
[SourceTitle "CBM 205 Extra"]
[Source "ChessBase"]
[SourceDate "2022.01.31"]
[SourceVersion "1"]
[SourceVersionDate "2022.01.31"]
[SourceQuality "1"]

1. Nf3 d5 2. g3 Nf6 3. Bg2 c6 4. c4 dxc4 5. Na3 Nbd7 6. Nxc4 g6 7. d4 Bg7 8. 0-0 0-0 9. b3 Re8 10. Bb2 Qc7 11. Rc1 e5 12. Ncxe5 Nxe5 13. Nxe5 Rxe5 14. dxe5 Ng4 15. Qd2 Nxe5 16. Kh1 Be6 17. Qc3 f6 18. h3 a5 19. Rfd1 a4 20. f4 Nd7 21. Qe3 Kf7 22. Rd2 axb3 23. axb3 Qb6 24. Rxd7+ 1-0

[Event "BEL-chT 1617"]
[Site "Belgium"]
[Date "2017.04.30"]
[Round "11.7"]
[White "Audenaert, Bart"]
[Black "Decoster, Frederic"]
[Result "0-1"]
[WhiteElo "2025"]
[BlackElo "2266"]
[PlyCount "78"]
[EventDate "2016.10.02"]
[EventType "team-tourn"]
[EventRounds "11"]
[EventCountry "BEL"]
[SourceTitle "EXT 2018"]
[Source "ChessBase"]
[SourceDate "2017.10.13"]
[SourceVersion "1"]
[SourceVersionDate "2017.10.13"]
[SourceQuality "1"]
[WhiteTeam "Wachtebeke"]
[BlackTeam "KBSK Brugge"]
[WhiteTeamCountry "BEL"]
[BlackTeamCountry "BEL"]

1. Nf3 g6 2. d4 Nf6 3. g3 Bg7 4. Bg2 0-0 5. c4 d6 6. 0-0 Nc6 7. Nc3 a6 8. d5 Na5 9. Nd2 c5 10. h3 b5 11. cxb5 axb5 12. Nxb5 Qb6 13. Nc3 Ne8 14. Qc2 Bf5 15. e4 Bc8 16. f4 Ba6 17. Re1 Nc7 18. Kh2 Nb5 19. Nxb5 Bxb5 20. e5 c4 21. Nf3 Nb3 22. axb3 Rxa1 23. bxc4 Ba4 24. Qc3 Qb3 25. Bd2 Rxe1 26. Bxe1 Rc8 27. Bf1 Qa2 28. Kg1 Rb8 29. b4 Bd1 30. Bg2 Bxf3 31. Bxf3 Ra8 32. Bg2 Ra3 33. Qd4 dxe5 34. fxe5 Qe2 35. Qf2 Qxc4 36. d6 exd6 37. Bf1 Qd5 38. b5 Bxe5 39. Qc2 Bd4+ 0-1

[Event "Vlissingen HZ op 12th"]
[Site "Vlissingen"]
[Date "2008.08.04"]
[Round "4"]
[White "Audenaert, Bart"]
[Black "Sprangers, Remco"]
[Result "0-1"]
[WhiteElo "2015"]
[BlackElo "2217"]
[PlyCount "86"]
[EventDate "2008.08.02"]
[EventType "swiss"]
[EventRounds "9"]
[EventCountry "NED"]
[SourceTitle "CBM 125 Extra"]
[Source "ChessBase"]
[SourceDate "2008.09.01"]
[SourceVersion "1"]
[SourceVersionDate "2008.09.01"]
[SourceQuality "1"]

1. d4 d5 2. Nf3 Nf6 3. g3 c5 4. Bg2 cxd4 5. 0-0 e6 6. Nxd4 Be7 7. c4 0-0 8. cxd5 Nxd5 9. e4 Nb4 10. a3 N4c6 11. Nxc6 Nxc6 12. Nc3 Bf6 13. Be3 Qa5 14. b4 Qe5 15. Rc1 Rd8 16. Qe2 Bd7 17. f4 Qb8 18. e5 Be7 19. Rfd1 Be8 20. Ne4 a6 21. Bc5 Bxc5+ 22. Rxc5 Qa7 23. Nd6 a5 24. Qc4 axb4 25. axb4 Rab8 26. Kf1 Qb6 27. Rb1 Ne7 28. Rc1 h6 29. Be4 Bc6 30. Bxc6 bxc6 31. b5 Nd5 32. Qd4 cxb5 33. Nxb5 Qa6 34. Ra1 Ne3+ 35. Ke2 Qb7 36. Nd6 Nf5 37. Qd2 Qg2+ 38. Kd3 Qf3+ 39. Kc2 Ne3+ 40. Kc3 Nf1+ 41. Qd3 Rb3+ 42. Kxb3 Qxd3+ 43. Rc3 Rb8+ 0-1

[Event "Ghent C&D op"]
[Site "Ghent"]
[Date "2004.04.10"]
[Round "3"]
[White "Van Muylem, Tom"]
[Black "Audenaert, Bart"]
[Result "1-0"]
[WhiteElo "1886"]
[BlackElo "1827"]
[PlyCount "31"]
[EventDate "2004.04.10"]
[EventType "swiss"]
[EventRounds "6"]
[EventCountry "BEL"]
[SourceTitle "EXT 2005"]
[Source "ChessBase"]
[SourceDate "2004.11.15"]
[SourceVersion "1"]
[SourceVersionDate "2004.11.15"]
[SourceQuality "1"]

1. Nf3 c5 2. c3 d5 3. d4 e6 4. e3 Nf6 5. Bd3 Nc6 6. Nbd2 Be7 7. 0-0 0-0 8. Re1 Qc7 9. e4 dxe4 10. Nxe4 cxd4 11. cxd4 Nxe4 12. Bxe4 Bf6 13. Qc2 h6 14. Ne5 Bd7 15. Bf4 Rfd8 16. Bh7+ 1-0